Normal view MARC view

Entry Personal Name

Number of records used in: 1

001 - CONTROL NUMBER

  • control field: 1128965

003 - CONTROL NUMBER IDENTIFIER

  • control field: OSt

005 - DATE AND TIME OF LATEST TRANSACTION

  • control field: 20260306163610.0

008 - FIXED-LENGTH DATA ELEMENTS

  • fixed length control field: 260306|| aca||aabn | a|a d

040 ## - CATALOGING SOURCE

  • Original cataloging agency: OSt
  • Transcribing agency: OSt

100 ## - HEADING--PERSONAL NAME

  • Personal name: Kohler-hausmann

670 ## - SOURCE DATA FOUND

  • Source citation: Work cat.: (OSt)1710745: Kohler-hausmann, Misdemeanorland: Criminal Courts And Social Control In An Age Of Broken Windows Policing
Copyright @ Delhi University Library System